Match the Assassin to the Famous Victim - Statistics

General Stats
  • This quiz has been taken 2,330 times
  • The average score is 9 of 18
Answer Stats
Hint Answer % Correct
John Wilkes Booth Abraham Lincoln
95%
Marcus Junius Brutus Julius Caesar
91%
Gavrilo Princip Franz Ferdinand
66%
Jack Ruby Lee Harvey Oswald
66%
Mark David Chapman John Lennon
64%
Sirhan Sirhan Robert F. Kennedy
53%
James Earl Ray Martin Luther King Jr.
50%
Satwant Singh Indira Gandhi
49%
Yolanda Saldívar Selena
46%
Yigal Amir Yitzhak Rabin
46%
Nathuram Godse Mohandas Gandhi
38%
Dan White Harvey Milk
33%
Charles J. Guiteau James A. Garfield
29%
Andrew Cunanan Gianni Versace
28%
Leon Czolgosz William McKinley
28%
Ramón Mercader Leon Trotsky
27%
Balthasar Gerard William I of Orange
26%
Thomas Hagan Malcolm X
17%
No matching quizzes found
Score Distribution
Percent of People with Each Score
Percentile by Number Answered
Your Score History
You have not taken this quiz